[Event "Challenge"]
[Site "http://www.queenalice.com/game.php?id=1364384"]
[Date "2015.6.8"]
[Round "-"]
[White "ORNELAS"]
[Black "narazadd"]
[Result "0-1"]
[WhiteElo "1653"]
[BlackElo "1725"]

1. Nf3 c5 2. d4 cxd4 3. Qxd4 Nc6 4. Qc5 g6 5. Bg5 Bg7 6. c3 Qb6 7. Qxb6 axb6 8.
g3 Nb4 9. Bg2 Nc2+ 10. Kf1 Nxa1 11. Nbd2 Rxa2 12. Kg1 Rxb2 13. Bf1 Bxc3 14. Nc4
Rb1 15. Kg2 Nc2 16. Nfe5 f6 17. Nd2 Bxd2 18. Bxd2 fxe5 19. e4 Nf6 20. Bd3 Rb2
21. Bc3 Ra2 22. Bxe5 d6 23. Bxf6 exf6 24. Rc1 O-O 25. Bxc2 Be6 26. Bd3 Rc8 27.
Rb1 Bc4 28. Bxc4+ Rxc4 29. Rxb6 Rxe4 30. Rxd6 Ree2 31. Rd8+ Kg7 32. Rd7+ Kh6 33.
h4 Rxf2+ 34. Kh3 Rh2+ 35. Kg4 Raf2 36. Rd5 f5+ 37. Rxf5 gxf5# 0-1

[Event "AUTO-INT-2992"]
[Site "http://www.queenalice.com/game.php?id=1368955"]
[Date "2015.7.1"]
[Round "2"]
[White "Antakira"]
[Black "narazadd"]
[Result "0-1"]
[WhiteElo "1750"]
[BlackElo "1722"]

1. e4 c5 2. Bc4 g6 3. Nf3 Bg7 4. d4 cxd4 5. Nxd4 Nc6 6. Nxc6 bxc6 7. Qf3 e6 8.
O-O Ne7 9. c3 O-O 10. Bf4 d5 11. Bb3 dxe4 12. Qxe4 Nd5 13. Be5 f5 14. Qe1 Ba6
15. Bxg7 Kxg7 16. Qe5+ Qf6 17. Qxf6+ Nxf6 18. Re1 e5 19. Rxe5 Rae8 20. Re6 Bc8
21. Rxe8 Rxe8 22. Nd2 Be6 23. Bc2 Rd8 24. Nf3 Ne4 25. g3 Bd5 26. h4 Nxg3 27.
fxg3 Bxf3 28. b4 Rd2 29. Ba4 Kh6 30. Bb3 Rg2+ 31. Kf1 Rxg3 32. Kf2 Rh3 33. c4
Be4 34. Rd1 Rxh4 35. Rd7 Bc2 36. b5 cxb5 37. cxb5 Bxb3 38. axb3 Rb4 39. Rxa7
Rxb5 40. Ra3 Rb4 41. Ke2 f4 42. Kd2 f3 43. Ke3 Kg5 44. Kxf3 Kh4 45. Ke3 g5 46.
Kd3 g4 47. Kc3 Rf4 48. Ra1 h5 49. b4 g3 50. Rh1+ Kg4 51. b5 g2 0-1

[Event "AUTO-INT-2992"]
[Site "http://www.queenalice.com/game.php?id=1368956"]
[Date "2015.7.1"]
[Round "2"]
[White "narazadd"]
[Black "Antakira"]
[Result "0-1"]
[WhiteElo "1738"]
[BlackElo "1732"]

1. c4 c5 2. g3 d5 3. Bg2 d4 4. d3 Qb6 5. e3 Nf6 6. exd4 cxd4 7. Ne2 e5 8. O-O
Bc5 9. Nd2 O-O 10. Ne4 Nxe4 11. Bxe4 Nc6 12. a3 a5 13. Bd2 f5 14. Bd5+ Kh8 15.
Bg2 Qc7 16. b4 axb4 17. axb4 Rxa1 18. Qxa1 Be7 19. b5 Nb4 20. Rb1 Nxd3 21. Bd5
b6 22. f3 Bb7 23. Qa7 Rb8 24. Rb3 Nc5 25. Rb1 Bd6 26. Bxb7 Rxb7 27. Qa8+ Qb8 28.
Qa2 Ra7 29. Qb2 Nd3 30. Qc2 e4 31. Nxd4 Bxg3 32. f4 Bf2+ 33. Kf1 Bxd4 0-1

[Event "AUTO-INT-2992"]
[Site "http://www.queenalice.com/game.php?id=1368957"]
[Date "2015.7.1"]
[Round "2"]
[White "dadaspazzi"]
[Black "narazadd"]
[Result "1-0"]
[WhiteElo "1925"]
[BlackElo "1739"]

1. d4 Nf6 2. Nf3 e6 3. c4 Bb4+ 4. Nbd2 b6 5. e3 Bb7 6. Bd3 d6 7. O-O Bxd2 8.
Bxd2 Nbd7 9. Re1 O-O 10. Qc2 h6 11. Re2 Bxf3 12. gxf3 c5 13. Bc3 Rc8 14. f4 d5
15. b3 Ne4 16. Bxe4 dxe4 17. Qxe4 Qh4 18. Kh1 Nf6 19. Qg2 Kh7 20. Rg1 Rg8 21.
Qb7 Qh5 22. Rd2 g5 23. fxg5 Qg6 24. f4 Qe4+ 25. Qxe4+ Nxe4 26. Rc2 hxg5 27. fxg5
Rxg5 28. Rxg5 Nxg5 29. Rf2 f5 30. Bb2 Rg8 31. d5 Nh3 32. Rf1 exd5 33. cxd5 Rg6
34. Be5 1-0

[Event "AUTO-INT-2992"]
[Site "http://www.queenalice.com/game.php?id=1368958"]
[Date "2015.7.1"]
[Round "2"]
[White "narazadd"]
[Black "dadaspazzi"]
[Result "1-0"]
[WhiteElo "1730"]
[BlackElo "1934"]

1. c4 e5 2. g3 g6 3. Bg2 Bg7 4. Nc3 Nf6 5. e4 d6 6. d3 O-O 7. Nge2 Nc6 8. O-O
Be6 9. Nd5 Bxd5 10. cxd5 Ne7 11. d4 Nd7 12. Rb1 Rc8 13. b3 Nb6 14. Bb2 c6 15.
dxe5 cxd5 16. exd6 Qxd6 17. Bxg7 Kxg7 18. Nd4 dxe4 19. Bxe4 Qe5 20. Qd3 Rcd8 21.
Rbd1 Rd7 22. Nf3 Rxd3 23. Nxe5 Rc3 24. Nd7 Rd8 25. Nxb6 Rxd1 26. Rxd1 axb6 27.
Bxb7 Nc6 28. Bxc6 Rxc6 29. a4 Rc7 30. Ra1 h5 31. b4 Ra7 32. Kg2 Kf6 33. Kf3 Ke6
34. Ke4 f5+ 35. Kd4 Kd6 36. Kc4 1-0

[Event "Challenge"]
[Site "http://www.queenalice.com/game.php?id=1378755"]
[Date "2015.8.20"]
[Round "-"]
[White "narazadd"]
[Black "ledeon"]
[Result "0-1"]
[WhiteElo "1754"]
[BlackElo "2093"]

1. c4 e6 2. g3 d5 3. Bg2 dxc4 4. Nf3 c6 5. O-O Nd7 6. Qc2 Nb6 7. Na3 Bxa3 8.
bxa3 Nf6 9. Bb2 O-O 10. Rac1 Bd7 11. Ne5 Qe7 12. Nxc4 Nbd5 13. Ne5 Rad8 14. Bd4
Be8 15. Bc5 Qc7 16. Bxf8 Qxe5 17. Bc5 Qxe2 18. Rfe1 Qa6 19. Bf1 b5 20. Qd3 Qb7
21. Rb1 Qc7 22. Qb3 Nb6 23. Qe3 Nfd5 24. Bxb6 axb6 25. Qe4 Qd6 26. Qe5 Qxa3 27.
Qb2 Qe7 28. Bg2 c5 29. a3 h6 30. d3 Nf6 31. Rbd1 Rd4 32. Re3 Qd7 33. Qe2 c4 34.
Re4 Rxd3 35. Rxd3 cxd3 36. Qd2 Nxe4 37. Bxe4 e5 38. Qxd3 Qxd3 39. Bxd3 Bc6 40.
Kf1 e4 41. Bc2 Kf8 42. Ke2 Ke7 43. Ke3 Kd6 44. Bxe4 Bxe4 45. Kxe4 Kc5 46. Kd3 b4
47. axb4+ Kxb4 48. Kc2 Kc4 49. h4 g6 50. g4 f5 51. f4 fxg4 52. h5 g3 0-1

[Event "Challenge"]
[Site "http://www.queenalice.com/game.php?id=1379353"]
[Date "2015.8.24"]
[Round "-"]
[White "narazadd"]
[Black "Omar"]
[Result "1-0"]
[WhiteElo "1766"]
[BlackElo "1730"]

1. c4 c5 2. g3 h6 3. Bg2 Nc6 4. Nc3 a6 5. d3 Nf6 6. a3 d6 7. e4 Nd4 8. Nge2 Bg4
9. h3 Bf3 10. O-O Bxg2 11. Kxg2 e5 12. Nd5 Nxd5 13. cxd5 Qf6 14. Nxd4 cxd4 15.
Qf3 Qxf3+ 16. Kxf3 Be7 17. Bd2 O-O 18. Rac1 b5 19. b4 Bd8 20. Ke2 a5 21. Rc6
axb4 22. axb4 Ra2 23. Rxd6 Be7 24. Rb6 Bxb4 25. Rd1 Rc8 26. Rxb5 Ba5 27. Rxa5
Rxa5 28. Bxa5 Kf8 29. Bb4+ Ke8 30. Kd2 Rb8 31. Bd6 f6 32. Bxb8 g5 33. Rc1 Kd8
34. Rc6 Kd7 35. Rxf6 h5 36. Rf5 g4 37. hxg4 hxg4 38. Bxe5 Ke7 39. Bxd4 Kd6 40.
Rg5 Ke7 41. Bc5+ Kf6 42. Rf5+ Kg6 43. d6 Kh6 44. d7 Kg6 45. d8=Q Kh6 46. Qh4+
Kg6 47. Qxg4+ Kh6 48. Rh5# 1-0

[Event "Challenge"]
[Site "http://www.queenalice.com/game.php?id=1381747"]
[Date "2015.9.6"]
[Round "-"]
[White "ztnilz"]
[Black "narazadd"]
[Result "1-0"]
[WhiteElo "1933"]
[BlackElo "1776"]

1. e4 c5 2. Nf3 g6 3. d4 cxd4 4. Qxd4 Nf6 5. e5 Nc6 6. Qc3 Nd5 7. Qd2 e6 8. a3
Qa5 9. Qxa5 Nxa5 10. b4 Nc6 11. c4 Nde7 12. c5 Bg7 13. Bb2 b6 14. cxb6 axb6 15.
Bb5 Ba6 16. Bxa6 Rxa6 17. b5 Nxe5 18. Bxe5 Bxe5 19. Nxe5 Ra5 20. a4 Nf5 21. O-O
Nd6 22. Nc3 O-O 23. Nxd7 Rc8 24. Ne2 Rc2 25. Ng3 Nc4 26. Rfd1 Nb2 27. Rd4 Nxa4
28. Rdxa4 Rxa4 29. Rxa4 Rc1+ 30. Nf1 1-0

[Event "Challenge"]
[Site "http://www.queenalice.com/game.php?id=1381748"]
[Date "2015.9.6"]
[Round "-"]
[White "narazadd"]
[Black "ztnilz"]
[Result "1-0"]
[WhiteElo "1752"]
[BlackElo "1947"]

1. c4 e5 2. g3 Nf6 3. Bg2 d6 4. Nc3 c6 5. d4 exd4 6. Qxd4 Be7 7. Nf3 O-O 8. O-O
c5 9. Qd3 Nbd7 10. Bf4 Ne5 11. Nxe5 dxe5 12. Qxd8 Rxd8 13. Bxe5 Ne8 14. Nd5 Bd6
15. Bc3 Rb8 16. Rad1 Be6 17. Rd2 Bf8 18. Rfd1 Rdc8 19. Be5 Bd6 20. Bxd6 Bxd5 21.
Bxb8 Bxg2 22. Kxg2 Rxb8 23. Rd8 1-0

[Event "AUTO-INT-2996"]
[Site "http://www.queenalice.com/game.php?id=1383810"]
[Date "2015.9.17"]
[Round "2"]
[White "narazadd"]
[Black "daniel0176"]
[Result "1-0"]
[WhiteElo "1781"]
[BlackElo "1621"]

1. c4 Nf6 2. g3 e5 3. Bg2 c6 4. d4 exd4 5. Qxd4 Be7 6. Nf3 O-O 7. O-O c5 8. Qd3
Nc6 9. a3 a6 10. b3 h6 11. Nc3 Re8 12. Nd5 Ng4 13. Bf4 b5 14. Bc7 Nge5 15. Qe4
f5 16. Qc2 Nxf3+ 17. exf3 Nd4 18. Qd3 Ne2+ 19. Kh1 bxc4 20. bxc4 Bf6 21. Bxd8
Bxd8 22. Rfe1 Bb7 23. Rxe2 Rxe2 24. Qxe2 a5 25. Rb1 Bxd5 26. Qe8+ Kh7 27. cxd5
g5 28. Qxd7+ Kg6 29. Qc6+ Kg7 30. Rb7+ Kg8 31. Qe8# 1-0

[Event "AUTO-INT-2996"]
[Site "http://www.queenalice.com/game.php?id=1383811"]
[Date "2015.9.17"]
[Round "2"]
[White "daniel0176"]
[Black "narazadd"]
[Result "0-1"]
[WhiteElo "1697"]
[BlackElo "1837"]

1. e4 c5 2. Nf3 g6 3. Bc4 Bg7 4. Ng5 e6 5. O-O Qxg5 6. d4 Qd8 7. d5 exd5 8. exd5
d6 9. Re1+ Ne7 10. c3 O-O 11. Be3 Nf5 12. Bf4 Bd7 13. b4 cxb4 14. Qc2 bxc3 15.
Nxc3 Qc7 16. Bb3 Qxc3 17. Qd1 Qxa1 18. Qxa1 Bxa1 19. Rxa1 Re8 20. a4 Nd4 21. Ba2
Ne2+ 22. Kf1 Nxf4 23. g3 Bh3+ 24. Kg1 Nd3 25. Bc4 Re1+ 26. Rxe1 Nxe1 27. Be2 Na6
28. f4 Re8 29. Kf2 Ng2 0-1

[Event "AUTO-INT-2996"]
[Site "http://www.queenalice.com/game.php?id=1383812"]
[Date "2015.9.17"]
[Round "2"]
[White "narazadd"]
[Black "elisangela"]
[Result "1-0"]
[WhiteElo "1791"]
[BlackElo "1831"]

1. c4 e6 2. g3 c6 3. Bg2 g6 4. Nc3 Bg7 5. Nf3 Bxc3 6. dxc3 Ne7 7. Qd4 O-O 8. Qf6
Nf5 9. Bg5 Qxf6 10. Bxf6 d5 11. cxd5 exd5 12. h4 Nd7 13. Bg5 f6 14. Bd2 Ne5 15.
Nxe5 fxe5 16. O-O-O Nd6 17. Rdf1 Bd7 18. b3 1-0

[Event "AUTO-INT-2996"]
[Site "http://www.queenalice.com/game.php?id=1383813"]
[Date "2015.9.17"]
[Round "2"]
[White "elisangela"]
[Black "narazadd"]
[Result "0-1"]
[WhiteElo "1813"]
[BlackElo "1809"]

1. e3 Nf6 2. a3 c5 3. g3 Nc6 4. Bg2 g6 5. b3 Bg7 6. Bb2 O-O 7. Bxc6 dxc6 8. h3
Be6 9. f3 Bd5 10. e4 Nxe4 11. Bxg7 Kxg7 12. fxe4 Bxe4 13. Nf3 Qd6 14. Kf2 Bxf3
15. Qxf3 Rad8 16. Re1 e5 17. Nc3 Qxd2+ 18. Re2 Qd4+ 19. Kf1 Rd6 20. Rd1 Qxd1+
21. Nxd1 Rxd1+ 22. Kg2 Re8 0-1

[Event "Challenge"]
[Site "http://www.queenalice.com/game.php?id=1388540"]
[Date "2015.10.10"]
[Round "-"]
[White "narazadd"]
[Black "Omar"]
[Result "1-0"]
[WhiteElo "1825"]
[BlackElo "1733"]

1. e4 e5 2. Nf3 Nc6 3. d4 exd4 4. Bc4 h6 5. O-O a6 6. Nxd4 Ne5 7. Bb3 Nf6 8. f4
Nc6 9. e5 Nxd4 10. Qxd4 Nh7 11. Bd2 d6 12. exd6 Qxd6 13. Qc4 Qc5+ 14. Kh1 Qxc4
15. Bxc4 Be7 16. Re1 Nf6 17. Bb4 Be6 18. Bxe7 Kxe7 19. f5 Rhd8 20. fxe6 fxe6 21.
Rxe6+ Kf8 22. Nc3 Rd2 23. Bd3 c5 24. Rf1 c4 25. Bg6 Rad8 26. h3 R2d6 27. Rxd6
Rxd6 28. Ne4 Re6 29. Bf5 Re5 30. Bg6 Ke7 31. Nxf6 gxf6 32. Kg1 b5 33. Kf2 f5 34.
Kg3 Kf6 35. Bh7 Rc5 36. Kh4 b4 37. g4 Kg7 38. Bxf5 b3 39. axb3 cxb3 40. c3 Ra5
41. Be6 Ra2 42. Kh5 Rxb2 43. Rf7+ Kh8 44. Kxh6 Kg8 45. Rf6+ Kh8 46. Rf8# 1-0

[Event "Challenge"]
[Site "http://www.queenalice.com/game.php?id=1394353"]
[Date "2015.11.15"]
[Round "-"]
[White "narazadd"]
[Black "Omar"]
[Result "1-0"]
[WhiteElo "1847"]
[BlackElo "1748"]

1. e4 e5 2. Nf3 d6 3. d4 exd4 4. Nxd4 a6 5. Nc3 h6 6. Bc4 Be7 7. Qf3 Nf6 8. O-O
O-O 9. Nd5 c5 10. Nf5 Nxd5 11. Bxd5 Bf6 12. Bf4 Be5 13. Bxh6 gxh6 14. Nxh6+ Kh7
15. Qh5 Qe7 16. Nxf7+ Kg7 17. Qh6+ Kg8 18. Qg6+ Bg7 19. Ng5+ Be6 20. Qh7# 1-0

[Event "Challenge"]
[Site "http://www.queenalice.com/game.php?id=1400559"]
[Date "2015.12.26"]
[Round "-"]
[White "narazadd"]
[Black "Omar"]
[Result "1-0"]
[WhiteElo "1872"]
[BlackElo "1740"]

1. e4 e5 2. Nf3 d6 3. d4 exd4 4. Nxd4 a6 5. Nc3 Be7 6. Bf4 h6 7. Qd2 Nf6 8. Bd3
Nh7 9. O-O-O Bd7 10. Rde1 O-O 11. Nf5 Bg5 12. h4 Bxf4 13. Qxf4 Nf6 14. g4 Nh7
15. Nxh6+ gxh6 16. e5 Kg7 17. Qe4 Rh8 18. g5 h5 19. g6 Nf8 20. gxf7 Be6 21. Bc4
Qe7 22. exd6 cxd6 23. Rhg1+ Kxf7 24. Bxe6+ Nxe6 25. Qg6+ Kf8 26. Rxe6 Qh7 27.
Re8# 1-0

[Event "AUTO-INT-2973"]
[Site "http://www.queenalice.com/game.php?id=1402763"]
[Date "2016.1.6"]
[Round "2"]
[White "qxr"]
[Black "narazadd"]
[Result "0-1"]
[WhiteElo "1785"]
[BlackElo "1896"]

1. d4 Nf6 2. c4 e6 3. Nf3 Bb4+ 4. Nbd2 b6 5. a3 Bxd2+ 6. Qxd2 Bb7 7. e3 O-O 8.
Be2 d6 9. b4 Nbd7 10. O-O Ne4 11. Qc2 f5 12. Bb2 Qe7 13. h3 Ng5 14. e4 Bxe4 15.
Qc3 Nxf3+ 16. Bxf3 Nf6 17. Bxe4 Nxe4 18. Qe1 Qg5 19. Bc1 Qg6 20. Qe2 Rae8 21.
Qd3 Re7 22. Bf4 e5 23. dxe5 dxe5 24. Qd5+ Kh8 25. Bxe5 Qe6 26. Qxe6 Rxe6 27.
Bxc7 Rc6 28. Bf4 Rxc4 29. Rfd1 Nc3 30. Bd6 Re8 31. Bg3 Nxd1 32. Rxd1 g5 33. f3
g4 34. hxg4 fxg4 35. fxg4 Rxg4 36. Bf2 Kg8 37. Rd7 Rg7 38. Rd6 Kf8 39. Bd4 Re1+
40. Kf2 Rge7 41. Rf6+ Ke8 42. Rc6 Kd7 43. Rc2 R1e4 44. Be3 Rxe3 0-1

[Event "AUTO-INT-2973"]
[Site "http://www.queenalice.com/game.php?id=1402764"]
[Date "2016.1.6"]
[Round "2"]
[White "narazadd"]
[Black "qxr"]
[Result "1/2-1/2"]
[WhiteElo "1873"]
[BlackElo "1853"]

1. e4 c5 2. Nc3 Nc6 3. f4 g6 4. Nf3 Bg7 5. Bb5 Nd4 6. O-O a6 7. Bc4 b5 8. Bd5
Ra7 9. d3 Nf6 10. Bb3 Nxb3 11. axb3 h6 12. Nxb5 Rb7 13. Nc3 d6 14. Qe1 O-O 15.
f5 gxf5 16. Qh4 Ne8 17. Bxh6 f6 18. Bxg7 Kxg7 19. Nd5 Rh8 20. Qg3+ Kf7 21. Ng5+
Kf8 22. Rxf5 Bxf5 23. exf5 Ng7 24. Ne6+ Nxe6 25. fxe6 Qe8 26. Qf3 Ra7 27. Nxf6
exf6 28. Qxf6+ Kg8 29. Ra4 Qh5 30. h3 Rh6 31. Qd8+ Kg7 32. e7 Re6 33. Qf8+ Kh7
34. Rh4 Qxh4 35. Qf7+ Kh8 36. Qf8+ Kh7 37. Qf7+ Kh8 38. Qf8+ Kh7 39. Qf7+ Kh8
40. Qf8+ Kh7 1/2-1/2

[Event "Challenge"]
[Site "http://www.queenalice.com/game.php?id=1408095"]
[Date "2016.2.7"]
[Round "-"]
[White "narazadd"]
[Black "Omar"]
[Result "1-0"]
[WhiteElo "1908"]
[BlackElo "1787"]

1. e4 e5 2. Nf3 Nc6 3. d4 exd4 4. Bc4 h6 5. O-O a6 6. c3 dxc3 7. Qb3 Qe7 8. Nxc3
b5 9. Bxb5 axb5 10. Nxb5 Qd8 11. Bf4 d6 12. e5 dxe5 13. Nxe5 Be6 14. Qf3 Bd5 15.
Qxd5 Qe7 16. Qxc6+ Kd8 17. Qxa8# 1-0